000 00550nam a2200193Ia 4500
005 20250728095235.0
008 008 250516s9999 xx 000 0 hin d
020 _a9789348650788
040 _beng
_cSDCL
041 _ahin
_2hin
084 _aO152,3M80:g R5
100 _aSingh, Dhananjay Ed.
_9809486
245 0 _aGodan :
_bSwaroop Aur Sarokar
246 _aगोदान:
_bस्वरुप और सरोकार
260 _aDelhi:
_bNayee Kitab Prakashan,
_c2025.
300 _a173p.
650 _aHindi
942 _cTEXL
_2CC
999 _c1429345
_d1429345